Spain Immigration By Country - Extreme - Statistics

General Stats
  • This quiz has been taken 72 times
  • The average score is 48 of 54
Answer Stats
Total Country % Correct
887,560 Colombia
100%
446,200 Argentina
98%
79,290 Chile
98%
87,880 Mexico
98%
1,10 mil Morocco
98%
536,700 Romania
98%
291,600 United Kingdom
98%
673,910 Venezuela
98%
215,770 Brazil
96%
198,810 China
96%
225,520 Cuba
96%
201,300 Dominican Republic
96%
435,670 Ecuador
96%
82,330 El Salvador
96%
177,520 Germany
96%
213,600 Honduras
96%
99,620 Nicaragua
96%
387,100 Peru
96%
214,160 Ukraine
96%
69,170 United States
96%
88,600 Algeria
94%
195,890 Bolivia
94%
217,890 France
94%
164,670 Italy
94%
165,040 Paraguay
94%
104,300 Portugal
94%
46,710 Panama
92%
85,100 Uruguay
92%
33,230 Costa Rica
90%
21,450 Egypt
90%
63,410 Guatemala
90%
96,780 India
90%
134,070 Russia
90%
25,670 Tunisia
90%
84,090 Poland
88%
28,350 Sweden
88%
57,110 Netherlands
86%
76,710 Nigeria
86%
139,550 Pakistan
86%
93,400 Senegal
86%
54,220 Belgium
84%
22,000 Ireland
84%
55,610 Serbia
84%
112,450 Bulgaria
82%
20,300 Greece
80%
31,440 Norway
80%
59,720 Switzerland
78%
36,340 Bangladesh
73%
41,560 Croatia
73%
22,500 Guinea
73%
57,490 Philippines
73%
40,050 Mali
71%
29,880 Moldova
67%
28,770 Gambia
57%
No matching quizzes found
Score Distribution
Percent of People with Each Score
Percentile by Number Answered
Your Score History
You have not taken this quiz